Dotazníkové priekumy aanalýzy získaných dát /

Guardado en:
Detalles Bibliográficos
Autor principal: Terek, Milan (Autor)
Formato: Libro
Lenguaje:eslovaco
Publicado: Trenčín Equilibria 2019
Edición:1. vyd.
Materias:
Etiquetas: Agregar Etiqueta
Sin Etiquetas, Sea el primero en etiquetar este registro!

MARC

LEADER 00000nam a22000003a 4500
001 0094187
003 SK-STU
005 20220223142432.9
007 ta
008 220223s ----xo-----e------000-0-----d
020 |a 978-80-8143247-7 
040 |a STU  |b slo 
041 0 |a slo 
044 |a xo 
100 1 |a Terek, Milan  |4 aut 
245 1 0 |a Dotazníkové priekumy aanalýzy získaných dát /  |c aut. Milan Terek 
250 |a 1. vyd. 
260 |a Trenčín  |b Equilibria  |c 2019 
300 |a 200 s. 
650 0 7 |a dotazníkový prieskum 
996 |b 284M089019  |c M* 14615-1  |l MMKN  |s A  |a 24  |w 0094187_0001